/ پریم چند کے سو افسانے (Record no. 106048)

MARC details
000 -LEADER
fixed length control field 00842nam a22002537a 4500
005 - DATE AND TIME OF LATEST TRANSACTION
control field 20170123162302.0
010 ## - LIBRARY OF CONGRESS CONTROL NUMBER
LC control number A-419517
020 ## - INTERNATIONAL STANDARD BOOK NUMBER
Terms of availability 280.00
035 ## - SYSTEM CONTROL NUMBER
System control number A-419517
037 ## - SOURCE OF ACQUISITION
Source of stock number/acquisition Cen Lib/Ret
040 ## - CATALOGING SOURCE
Original cataloging agency DPL
Language of cataloging UR
082 ## - DEWEY DECIMAL CLASSIFICATION NUMBER
Classification number 848
100 ## - MAIN ENTRY--PERSONAL NAME
Personal name متل، پریم گوپال
9 (RLIN) 534
245 ## - TITLE STATEMENT
Title / پریم چند کے سو افسانے
Statement of responsibility, etc پریم گوپال متل
246 ## - VARYING FORM OF TITLE
Title proper/short title Prem chand ke so afsane
Remainder of title by Prem Gopal Mittal
260 ## - PUBLICATION, DISTRIBUTION, ETC. (IMPRINT)
Place of publication, distribution, etc نئی دہلی
Name of publisher, distributor, etc ماڈرن پبلشنگ ہاؤس
Date of publication, distribution, etc 1990
270 ## - ADDRESS
Address گول مارکیٹ دریاگنج
City نئی دہلی
Postal code 110002
300 ## - PHYSICAL DESCRIPTION
Extent 924p.
Dimensions 20cm(Hb)
650 ## - SUBJECT ADDED ENTRY--TOPICAL TERM
Topical term or geographic name as entry element اردو ادب
9 (RLIN) 137864
650 ## - SUBJECT ADDED ENTRY--TOPICAL TERM
Topical term or geographic name as entry element اردو افسانے
General subdivision
9 (RLIN) 889
650 ## - SUBJECT ADDED ENTRY--TOPICAL TERM
Form subdivision
Topical term or geographic name as entry element Urdu literature
9 (RLIN) 137865
650 ## - SUBJECT ADDED ENTRY--TOPICAL TERM
Topical term or geographic name as entry element Urdu fiction
Form subdivision
9 (RLIN) 891
942 ## - ADDED ENTRY ELEMENTS (KOHA)
Source of classification or shelving scheme Dewey Decimal Classification
Koha item type Urdu Bks
Classification part 848
Call number suffix م ی ت
Holdings
Withdrawn status Lost status Damaged status Not for loan Collection code Home library Current library Date acquired Source of acquisition Cost, normal purchase price Total Checkouts Full call number Barcode Date last seen Copy number Cost, replacement price Price effective from Koha item type
      Not For Loan Reference Central Library Central Library 27/05/2015 Cen Lib/Ret 280.00   848 م ی ت A-419517 27/05/2015 1 280.00 27/05/2015 Urdu Bks

© Delhi Public Library
Hit Counter
free hit counter